Normal view
MARC view
- Suhrawardī, Yaḥyá ibn Ḥabash,
Entry Personal Name
001 - CONTROL NUMBER
- control field: 6150
003 - CONTROL NUMBER IDENTIFIER
- control field: NUST
005 - DATE AND TIME OF LATEST TRANSACTION
- control field: 20171108114252.0
008 - FIXED-LENGTH DATA ELEMENTS
- fixed length control field: 171108|| aca||aabn | a|a d
040 ## - CATALOGING SOURCE
- Original cataloging agency: NUST
- Transcribing agency: NUST
100 ## - HEADING--PERSONAL NAME
- Personal name: Suhrawardī, Yaḥyá ibn Ḥabash,
- Dates associated with a name: 1152 or 1153-1191.
670 ## - SOURCE DATA FOUND
- Source citation: Work cat.: (NUST)0: Nasr, Seyyed Hossein. 181, Three Muslim sages :, 1976
